All Bolton Wanderers Premier League Players Ever - Statistics

General Stats
  • This quiz has been taken 28 times
  • The average score is 139 of 343
Answer Stats
% Correct
2002/03 Nigeria Jay-Jay Okocha 31
87%
2003/04 Nigeria Jay-Jay Okocha 35
87%
2004/05 Nigeria Jay-Jay Okocha 31
87%
2005/06 Nigeria Jay-Jay Okocha 27
87%
2001/02 Finland Jussi Jaaskelainen 34
80%
2002/03 Finland Jussi Jaaskelainen 38
80%
2003/04 Finland Jussi Jaaskelainen 38
80%
2004/05 Finland Jussi Jaaskelainen 36
80%
2005/06 Finland Jussi Jaaskelainen 38
80%
2006/07 Finland Jussi Jaaskelainen 38
80%
2007/08 Finland Jussi Jaaskelainen 28
80%
2008/09 Finland Jussi Jaaskelainen 38
80%
2009/10 Finland Jussi Jaaskelainen 38
80%
2010/11 Finland Jussi Jaaskelainen 35
80%
2011/12 Finland Jussi Jaaskelainen 18
80%
2001/02 England Kevin Nolan 35
80%
2002/03 England Kevin Nolan 33
80%
2003/04 England Kevin Nolan 37
80%
2004/05 England Kevin Nolan 36
80%
2005/06 England Kevin Nolan 36
80%
2006/07 England Kevin Nolan 31
80%
2007/08 England Kevin Nolan 33
80%
2008/09 England Kevin Nolan 20
80%
2004/05 Spain Fernando Hierro 29
73%
2010/11 England Daniel Sturridge 12
67%
1995/96 England David Lee 18
67%
2007/08 England Gary Cahill 13
67%
2008/09 England Gary Cahill 33
67%
2009/10 England Gary Cahill 29
67%
2010/11 England Gary Cahill 36
67%
2011/12 England Gary Cahill 19
67%
2004/05 Wales Gary Speed 38
67%
2005/06 Wales Gary Speed 31
67%
2006/07 Wales Gary Speed 38
67%
2007/08 Wales Gary Speed 14
67%
2002/03 Spain Ivan Campo 31
67%
2003/04 Spain Ivan Campo 38
67%
2004/05 Spain Ivan Campo 27
67%
2005/06 Spain Ivan Campo 15
67%
2006/07 Spain Ivan Campo 34
67%
2007/08 Spain Ivan Campo 27
67%
2009/10 South Korea Lee Chung-yong 34
67%
2010/11 South Korea Lee Chung-yong 31
67%
2011/12 South Korea Lee Chung-yong 2
67%
2003/04 Greece Stelios Giannakopoulos 31
67%
2004/05 Greece Stelios Giannakopoulos 34
67%
2005/06 Greece Stelios Giannakopoulos 34
67%
2006/07 Greece Stelios Giannakopoulos 23
67%
2007/08 Greece Stelios Giannakopoulos 15
67%
2009/10 United States Stuart Holden 2
67%
2010/11 United States Stuart Holden 26
67%
2001/02 France Youri Djorkaeff 12
67%
2002/03 France Youri Djorkaeff 36
67%
2003/04 France Youri Djorkaeff 27
67%
2004/05 Senegal El Hadji Diouf 27
60%
2005/06 Senegal El Hadji Diouf 20
60%
2006/07 Senegal El Hadji Diouf 33
60%
2007/08 Senegal El Hadji Diouf 34
60%
2001/02 Denmark Henrik Pedersen 11
60%
2002/03 Denmark Henrik Pedersen 33
60%
2003/04 Denmark Henrik Pedersen 33
60%
2004/05 Denmark Henrik Pedersen 27
60%
2005/06 Denmark Henrik Pedersen 21
60%
2006/07 Denmark Henrik Pedersen 18
60%
2005/06 Japan Hidetoshi Nakata 21
60%
2003/04 England Kevin Davies 38
60%
2004/05 England Kevin Davies 35
60%
2005/06 England Kevin Davies 37
60%
2006/07 England Kevin Davies 30
60%
2007/08 England Kevin Davies 32
60%
2008/09 England Kevin Davies 38
60%
2009/10 England Kevin Davies 37
60%
2010/11 England Kevin Davies 38
60%
2011/12 England Kevin Davies 31
60%
2010/11 Bulgaria Martin Petrov 28
60%
2011/12 Bulgaria Martin Petrov 31
60%
2006/07 France Nicolas Anelka 35
60%
2007/08 France Nicolas Anelka 18
60%
2001/02 Jamaica Ricardo Gardner 31
60%
2002/03 Jamaica Ricardo Gardner 32
60%
2003/04 Jamaica Ricardo Gardner 22
60%
2004/05 Jamaica Ricardo Gardner 33
60%
2005/06 Jamaica Ricardo Gardner 30
60%
2006/07 Jamaica Ricardo Gardner 18
60%
2007/08 Jamaica Ricardo Gardner 26
60%
2008/09 Jamaica Ricardo Gardner 29
60%
2009/10 Jamaica Ricardo Gardner 21
60%
2010/11 Jamaica Ricardo Gardner 5
60%
2011/12 Jamaica Ricardo Gardner 4
60%
2003/04 Portugal Ricardo Vaz Te 1
60%
2004/05 Portugal Ricardo Vaz Te 7
60%
2005/06 Portugal Ricardo Vaz Te 22
60%
2006/07 Portugal Ricardo Vaz Te 25
60%
2007/08 Portugal Ricardo Vaz Te 1
60%
2008/09 Portugal Ricardo Vaz Te 2
60%
2004/05 Israel Tal Ben Haim 21
60%
2005/06 Israel Tal Ben Haim 34
60%
2006/07 Israel Tal Ben Haim 32
60%
2005/06 Senegal Abdoulaye Faye 27
53%
2006/07 Senegal Abdoulaye Faye 32
53%
2007/08 Senegal Abdoulaye Faye 1
53%
2007/08 Oman Ali Al-Habsi 10
53%
1997/98 England Bob Taylor 12
53%
2001/02 France Bruno N'Gotty 26
53%
2002/03 France Bruno N'Gotty 23
53%
2003/04 France Bruno N'Gotty 33
53%
2004/05 France Bruno N'Gotty 37
53%
2005/06 France Bruno N'Gotty 29
53%
2003/04 France Ibrahim Ba 9
53%
2004/05 England Les Ferdinand 12
53%
2003/04 Brazil Mario Jardel 7
53%
2008/09 England Mark Davies 10
53%
2009/10 England Mark Davies 17
53%
2010/11 England Mark Davies 24
53%
2011/12 England Mark Davies 35
53%
1997/98 South Africa Mark Fish 22
53%
2007/08 England Matthew Taylor 16
53%
2008/09 England Matthew Taylor 34
53%
2009/10 England Matthew Taylor 37
53%
2010/11 England Matthew Taylor 36
53%
2001/02 England Michael Ricketts 37
53%
2002/03 England Michael Ricketts 22
53%
1997/98 Denmark Per Frandsen 38
53%
2001/02 Denmark Per Frandsen 29
53%
2002/03 Denmark Per Frandsen 34
53%
2003/04 Denmark Per Frandsen 33
53%
2004/05 Tunisia Radhi Jaidi 27
53%
2005/06 Tunisia Radhi Jaidi 16
53%
2009/10 Wales Sam Ricketts 27
53%
2010/11 Wales Sam Ricketts 17
53%
2011/12 Wales Sam Ricketts 20
53%
2006/07 Cote D'Ivoire Abdoulaye Meite 35
47%
2007/08 Cote D'Ivoire Abdoulaye Meite 21
47%
2008/09 England Fabrice Muamba 38
47%
2009/10 England Fabrice Muamba 36
47%
2010/11 England Fabrice Muamba 36
47%
2011/12 England Fabrice Muamba 20
47%
2006/07 Israel Idan Tal 16
47%
2005/06 Mexico Jared Borgetti 19
47%
2008/09 Sweden Johan Elmander 30
47%
2009/10 Sweden Johan Elmander 25
47%
2010/11 Sweden Johan Elmander 37
47%
1995/96 Wales Nathan Blake 18
47%
1997/98 Wales Nathan Blake 35
47%
2010/11 England Robbie Blake 8
47%
2011/12 England Robbie Blake 1
47%
1995/96 England Scott Taylor 1
47%
2009/10 England Sean Davis 3
47%
2010/11 Hungary Adam Bogdan 4
40%
2011/12 Hungary Adam Bogdan 20
40%
2007/08 Ireland Andy O'Brien 32
40%
2008/09 Ireland Andy O'Brien 34
40%
2009/10 Ireland Andy O'Brien 6
40%
2010/11 Ireland Andy O'Brien 2
40%
2002/03 France Bernard Mendy 21
40%
2001/02 Denmark Bo Hansen 17
40%
2001/02 Germany Fredi Bobic 16
40%
2007/08 Iceland Gretar Steinsson 16
40%
2008/09 Iceland Gretar Steinsson 37
40%
2009/10 Iceland Gretar Steinsson 27
40%
2010/11 Iceland Gretar Steinsson 23
40%
2011/12 Iceland Gretar Steinsson 23
40%
1995/96 Iceland Gudni Bergsson 34
40%
1997/98 Iceland Gudni Bergsson 35
40%
2001/02 Iceland Gudni Bergsson 30
40%
2002/03 Iceland Gudni Bergsson 31
40%
2009/10 Croatia Ivan Klasnic 27
40%
2010/11 Croatia Ivan Klasnic 22
40%
2011/12 Croatia Ivan Klasnic 29
40%
2009/10 England Jack Wilshere 14
40%
2001/02 England Jeff Smith 1
40%
2001/02 Jamaica Jermaine Johnson 10
40%
2002/03 Jamaica Jermaine Johnson 2
40%
2007/08 Trinidad & Tobago Jlloyd Samuel 20
40%
2008/09 Trinidad & Tobago Jlloyd Samuel 38
40%
2009/10 Trinidad & Tobago Jlloyd Samuel 13
40%
2006/07 United States Johann Smith 1
40%
2004/05 Ireland Joseph O'Brien 1
40%
2005/06 Ireland Joseph O'Brien 23
40%
2007/08 Ireland Joseph O'Brien 19
40%
2008/09 Ireland Joseph O'Brien 7
40%
2003/04 England Nicky Hunt 31
40%
2004/05 England Nicky Hunt 29
40%
2005/06 England Nicky Hunt 20
40%
2006/07 England Nicky Hunt 33
40%
2007/08 England Nicky Hunt 14
40%
2011/12 England Nigel Reo-Coker 37
40%
2010/11 Spain Rodrigo 17
40%
2009/10 Slovakia Vladimir Weiss 13
40%
2001/02 England Anthony Barness 25
33%
2002/03 England Anthony Barness 25
33%
2003/04 England Anthony Barness 15
33%
2004/05 England Anthony Barness 8
33%
2001/02 Ireland Gareth Farrelly 18
33%
2002/03 Ireland Gareth Farrelly 8
33%
1995/96 Ireland Jason McAteer 4
33%
1995/96 England Jimmy Phillips 37
33%
1997/98 England Jimmy Phillips 22
33%
1995/96 England John McGinlay 32
33%
1997/98 England John McGinlay 7
33%
1995/96 Ireland Keith Branagan 31
33%
1997/98 Ireland Keith Branagan 34
33%
2001/02 England Kevin Poole 3
33%
2004/05 England Kevin Poole 2
33%
2001/02 England Simon Charlton 36
33%
2002/03 England Simon Charlton 31
33%
2003/04 England Simon Charlton 31
33%
2011/12 Turkey Tuncay Sanli 16
33%
1995/96 England Alan Stubbs 25
27%
1995/96 England Alan Thompson 26
27%
1997/98 England Alan Thompson 33
27%
1995/96 England Andrew Todd 12
27%
1997/98 England Andrew Todd 25
27%
2001/02 Scotland Colin Hendry 3
27%
1997/98 England Dean Holdsworth 20
27%
2001/02 England Dean Holdsworth 31
27%
2002/03 England Dean Holdsworth 9
27%
2002/03 Grenada Delroy Facey 9
27%
2003/04 Grenada Delroy Facey 1
27%
2001/02 Senegal Djibril Diawara 9
27%
2003/04 Brazil Emerson Thome 26
27%
1995/96 Netherlands Fabian De Freitas 27
27%
2005/06 France Fabrice Fernandes 1
27%
1995/96 England Gavin Ward 5
27%
1997/98 England Gavin Ward 6
27%
2007/08 France Gerald Cid 7
27%
2007/08 Poland Grzegorz Rasiak 7
27%
2001/02 England Ian Marshall 2
27%
2001/02 England Leam Richardson 1
27%
2005/06 England Matt Jansen 6
27%
1997/98 Denmark Michael Johansen 16
27%
1997/98 England Mike Whitlow 13
27%
2001/02 England Mike Whitlow 29
27%
2002/03 England Mike Whitlow 17
27%
1995/96 Ireland Owen Coyle 5
27%
1997/98 England Robbie Elliott 4
27%
1995/96 Serbia Sasa Curcic 28
27%
2001/02 Denmark Stig Tofting 6
27%
2002/03 Denmark Stig Tofting 8
27%
2007/08 Israel Tamir Cohen 10
27%
2008/09 Israel Tamir Cohen 4
27%
2009/10 Israel Tamir Cohen 27
27%
2010/11 Israel Tamir Cohen 8
27%
2011/12 United States Tim Ream 13
27%
2004/05 France Vincent Candela 10
27%
2004/05 England Andy Oakes 1
20%
2004/05 Nigeria Blessing Kaku 1
20%
2006/07 Spain Cesar 1
20%
2011/12 England Chris Eagles 34
20%
1995/96 England Chris Fairclough 33
20%
1997/98 England Chris Fairclough 11
20%
2007/08 Norway Daniel Braaten 6
20%
2008/09 Nigeria Danny Shittu 10
20%
2009/10 England Danny Ward 2
20%
2006/07 England David Thompson 8
20%
2011/12 Belgium Dedryck Boyata 14
20%
2008/09 Poland Ebi Smolarek 12
20%
2002/03 France Florent Laville 10
20%
2003/04 France Florent Laville 5
20%
1997/98 England Franz Carr 5
20%
2007/08 England Gavin McCann 31
20%
2008/09 England Gavin McCann 33
20%
2009/10 England Gavin McCann 11
20%
1995/96 Northern Ireland Gerry Taggart 11
20%
1997/98 Northern Ireland Gerry Taggart 15
20%
2006/07 England James Sinclair 2
20%
2002/03 Ireland Jonathan Walters 4
20%
2004/05 Senegal Khalilou Fadiga 5
20%
2005/06 Senegal Khalilou Fadiga 8
20%
2010/11 Spain Marcos Alonso 4
20%
2011/12 Spain Marcos Alonso 5
20%
2007/08 Spain Mikel Alonso 7
20%
2008/09 Netherlands Mustapha Riga 17
20%
2009/10 Netherlands Mustapha Riga 1
20%
2001/02 England Nicky Southall 18
20%
2009/10 England Paul Robinson 25
20%
2010/11 England Paul Robinson 35
20%
2011/12 England Paul Robinson 17
20%
2001/02 England Paul Warhurst 25
20%
2002/03 England Paul Warhurst 7
20%
2002/03 France Pierre-Yves Andre 9
20%
1995/96 Netherlands Richard Sneekes 17
20%
2001/02 England Rod Wallace 19
20%
1995/96 England Simon Coleman 12
20%
2001/02 England Steve Banks 1
20%
2009/10 England Zat Knight 35
20%
2010/11 England Zat Knight 34
20%
2011/12 England Zat Knight 25
20%
2006/07 Iran Andranik Teymourian 17
13%
2007/08 Iran Andranik Teymourian 3
13%
1997/98 Iceland Arnar Gunnlaugsson 15
13%
1995/96 England Bryan Small 1
13%
2002/03 Turkey Bulent Akin 1
13%
2007/08 Sweden Christian Wilhelmsson 8
13%
2002/03 England Danny Livesey 2
13%
2011/12 England Darren Pratley 25
13%
2011/12 France David N'Gog 33
13%
2010/11 England David Wheater 7
13%
2011/12 England David Wheater 24
13%
2011/12 DR Congo Gael Kakuta 4
13%
2003/04 England Glen Little 4
13%
2007/08 Iceland Heidar Helguson 6
13%
2008/09 Iceland Heidar Helguson 1
13%
1997/98 England Jamie Pollock 26
13%
2005/06 Poland Jaroslaw Fojut 1
13%
2003/04 Spain Javi Moreno 8
13%
2011/12 England Joe Riley 3
13%
2003/04 England Jon Otsemobor 1
13%
2011/12 England Josh Vela 3
13%
2001/02 Greece Kostas Konstantinidis 3
13%
2006/07 Slovakia Lubomir Michalik 4
13%
2007/08 Slovakia Lubomir Michalik 7
13%
2001/02 France Mario Espartero 3
13%
2005/06 France Martin Djetou 3
13%
2011/12 England Marvin Sordell 3
13%
1995/96 Finland Mixu Paatelainen 15
13%
1997/98 England Neil Cox 21
13%
1997/98 England Peter Beardsley 17
13%
2006/07 South Africa Quinton Fortune 6
13%
2011/12 Japan Ryo Miyaichi 12
13%
2002/03 Spain Salva Ballesta 6
13%
1995/96 England Scott Green 31
13%
2008/09 France Sebastien Puygrenier 7
13%
2003/04 England Steve Howey 3
13%
2011/12 Jamaica Tyrone Mears 1
13%
1995/96 Northern Ireland Aidan Davison 2
7%
2008/09 Portugal Ariza Makukula 6
7%
2008/09 England Chris Basham 11
7%
2009/10 England Chris Basham 8
7%
2007/08 England Danny Guthrie 25
7%
1997/98 Switzerland Gaetano Giallanza 3
7%
1995/96 England Greg Strong 1
7%
1997/98 England Hasney Aljofree 2
7%
1997/98 England John Salako 7
7%
1997/98 Ireland John Sheridan 12
7%
2004/05 Brazil Julio Santos 5
7%
1995/96 England Mark Patterson 16
7%
1995/96 England Scott Sellars 22
7%
1997/98 England Scott Sellars 22
7%
1995/96 Scotland Steve McAnespie 9
7%
1997/98 Scotland Steve McAnespie 2
7%
2008/09 England Temitope Obadeyi 3
7%
1995/96 England Wayne Burnett 1
7%
No matching quizzes found
Score Distribution
Percent of People with Each Score
Percentile by Number Answered
Your Score History
You have not taken this quiz